00733nam a2200205 a 450000100100000000500170001000800410002704000250006808200150009310000280010824500950013626000300023130000210026149000270028270000390030983000340034804900090038295201190039199900170051000002367720200930022404.0101218nuuuuuuuuec r 000 0 spa d aDO-SdBNPbspacBNPHU axxxbC157l1 aCalle, Manuel J.94877510aLeyenda del tiempo heroico /cManuel J. Calle ; introducción Hernan Rodríguez Castelo. aQuito :bAriel,c[s. f.]. a176 p. ;c18 cm.1 aClásicos Ariel ;v221 aRodríguez Castelo, Hernan945487 0aClásicos Ariel ;n22948776 aBNGR 001054708MOaGRbGRcCTd2010-12-18iLF1l0oxxx C157lp23677-10r2020-06-25w2020-06-25y4ZPréstamo en sala c23173d23173